Μεθιστορία : μύθος και ιστορία στην ποίηση του Κυριάκου Χαραλαμπίδη
Saved in:
| Main Author: | |
|---|---|
| Format: | Book |
| Language: | Greek |
| Published: |
Αθήνα :
Ηρόδοτος,
2007.
|
| Series: | Ιδέες και έρευνα / Ηρόδοτος
|
| Subjects: | |
| Tags: |
Add Tag
No Tags, Be the first to tag this record!
|
MARC
| LEADER | 00000cam a2200000 a 4500 | ||
|---|---|---|---|
| 001 | 1/115021 | ||
| 008 | 170922s2007####gr | ||| |||| ||gre|| | ||
| 020 | |a 9789608256873 | ||
| 040 | |a GR-MyUa |b gre |c GR-MyUa |e AACR2 | ||
| 041 | 0 | |a gre | |
| 082 | 7 | |a 889.4 |2 (23) | |
| 100 | 1 | |a Πυλαρινός, Θεοδόσης. | |
| 245 | 1 | 0 | |a Μεθιστορία : |b μύθος και ιστορία στην ποίηση του Κυριάκου Χαραλαμπίδη / |c Θεοδόσης Πυλαρινός. |
| 260 | |a Αθήνα : |b Ηρόδοτος, |c 2007. | ||
| 300 | |a 234 σ. ; |c 24 εκ. | ||
| 490 | 1 | |a (Ιδέες και έρευνα / Ηρόδοτος) | |
| 504 | |a Περιλαμβάνει βιβλιογραφικές παραπομπές και ευρετήριο. | ||
| 600 | 1 | 0 | |a Χαραλαμπίδης, Κυριάκος, |d 1940- |
| 650 | 0 | |a Greek literature, Modern |x History and criticism. | |
| 650 | 0 | |a Greek poetry, Modern |x History and criticism. | |
| 830 | 0 | |a Ιδέες και έρευνα / Ηρόδοτος | |
| 852 | |a INST |b RHODES |e 20170922 |h 889.4 ΠΥΛ |p 005400039537 |q 005400039537 |t BK |y 0 | ||
| 970 | |z 22-09-2017 | ||